logo

Bir Sreshtho Munshi Abdur Rouf Library
Jhenaidah Cadet College

এ্যান্টিগনি সফোিক্লস্ / (Record no. 3049)

MARC details
000 -LEADER
fixed length control field 00649nam a2200217 a 4500
001 - CONTROL NUMBER
JCCL Control Number 3049
003 - CONTROL NUMBER IDENTIFIER
JCCL marc code BD-JhCC
005 - DATE AND TIME OF LATEST TRANSACTION
control field 20171109182710.0
008 - FIXED-LENGTH DATA ELEMENTS--GENERAL INFORMATION
fixed length control field 171109s1977 bg |||| |||a 000 0 ben d
035 ## - SYSTEM CONTROL NUMBER
system control number (BD-JhCC)3049
040 ## - CATALOGING SOURCE
Original cataloging agency BD-JhCC
Modifying agency BD-JhCC
041 ## - LANGUAGE CODE
Language code of Book ben
082 ## - DEWEY DECIMAL CLASSIFICATION NUMBER
Classification number 822.33
Author mark and Year ANT 1977
245 ## - TITLE STATEMENT
Title এ্যান্টিগনি সফোিক্লস্ /
Statement of responsibility, etc আবদার রশীদ সম্পদনা
260 ## - PUBLICATION, DISTRIBUTION, ETC. (IMPRINT)
Place of publication, distribution, etc ঢাকা :
Name of publisher, distributor, etc মুক্তধারা,
Date of publication, distribution, etc ১৯৭৭.
300 ## - PHYSICAL DESCRIPTION
Pagination 61 p. :
Dimensions 21 cm.
650 ## - SUBJECT ADDED ENTRY--TOPICAL TERM
Topical term or geographic name as entry element English Drama
700 ## - ADDED ENTRY--PERSONAL NAME
Personal name রশীদ,আবদার
942 ## - ADDED ENTRY ELEMENTS (KOHA)
Source of classification or shelving scheme Dewey Decimal Classification
Koha item type Books
Holdings
Source of classification or shelving scheme Damaged status Not for loan Home library Current library Shelving location Date of accession Cost, normal purchase price Total Checkouts Full call number Barcode Date last seen Copy number Koha item type
Dewey Decimal Classification     JCC Rouf Library JCC Rouf Library General Stacks 11/09/2017 5.00   822.33 ANT 1977 4942 11/09/2017 C-1 Books

JCC Library | Contacts | JCC Home

Last Update on 23 September 2017
Copyright @ 2017-2020 JCC Rouf Library
Rouf Library, Jhenidah Cadet College (JCC), Bangladesh